| 000 | 00434nam a2200169Ia 4500 | ||
|---|---|---|---|
| 008 | 230524s9999 xx 000 0 und d | ||
| 082 | _bBEH | ||
| 100 |
_aGopal Krushna Behera _941949 |
||
| 245 | 0 | _aNetwork Theory: Analysis & Synthesis | |
| 250 | _a4 | ||
| 260 |
_aNew Delhi _bU.G.Publication _c2008 |
||
| 300 | _a11.1p; | ||
| 500 | _aQuantity Number: 1 | ||
| 650 | _aElectrical | ||
| 700 |
_aLopamudra Das _941950 |
||
| 942 | _cBK | ||
| 999 |
_c56367 _d56367 |
||